| 000 | 00497nam a2200193 a 4500 | ||
|---|---|---|---|
| 005 | 20210223123500.0 | ||
| 008 | 991125s1990 mx 000 0 spa u | ||
| 020 | _a9682104637 | ||
| 035 | _aUPN01000054273 | ||
| 049 | _aCG | ||
| 050 | 4 |
_aGV191 _bN4.88 |
|
| 100 | 1 | _aNehberg, Rudiger | |
| 245 | 1 | 1 |
_a¡Sobrevivamos! / _cRudiger Nehberg. |
| 260 |
_aMéxico : _bRoca, _c1990. |
||
| 300 | _a261 p. | ||
| 440 | 0 | _aGuías prácticas | |
| 650 | 4 |
_aCAMPAMENTOS (EXCURSIONISMO) _95062 |
|
| 905 | _aLibro | ||
| 999 |
_c54273 _d54273 |
||